Statistiques concernant Pays ayant le plus grand nombre de prix Nobel

Cliquez ici pour prendre le quiz!

Statistiques générales

  • Ce quiz a été pris 6,755 fois
    (1,349 depuis la dernière actualisation)
  • Le résultat moyen est 16 sur 19

Statistiques - réponses

Pays % Correct
385Etats-Unis
100%
70France
100%
109Allemagne
98%
133Royaume-Uni
97%
31Russie / Union soviétique
96%
20Italie
96%
28Japon
95%
27Canada
94%
32Suède
93%
13Norvège
90%
28Suisse
87%
19Pologne
86%
12Australie
84%
12Inde
83%
22Autriche
81%
21Pays-Bas
79%
13Danemark
75%
13Hongrie
58%
12Israël
48%

Distribution des résultats

Percentile par nombre de réponses

% des personnes avec chaque résultat

Votre développement - résultats

Vous n’avez pas pris ce quiz depuis la dernière actualisation